000 00301nam a22001337a 4500
008 170209b xxu||||| |||| 00| 0 eng d
020 _a9780761902157
041 _aeng
080 _a61
100 _a4
101 _aSHM
245 _aCASE CONCEPTUALIZATION TRATMENT PLANING
_cBERMAN
942 _2udc
_cBK
999 _c5046
_d5046